<?xml version="1.0" encoding="UTF-8"?><?xml-stylesheet type="text/xsl" href="static/style.xsl"?><OAI-PMH xmlns="http://www.openarchives.org/OAI/2.0/" xmlns:xsi="http://www.w3.org/2001/XMLSchema-instance" xsi:schemaLocation="http://www.openarchives.org/OAI/2.0/ http://www.openarchives.org/OAI/2.0/OAI-PMH.xsd"><responseDate>2026-04-14T02:22:13Z</responseDate><request verb="GetRecord" identifier="oai:www.recercat.cat:2117/414306" metadataPrefix="marc">https://recercat.cat/oai/request</request><GetRecord><record><header><identifier>oai:recercat.cat:2117/414306</identifier><datestamp>2025-07-22T18:35:55Z</datestamp><setSpec>com_2072_1033</setSpec><setSpec>col_2072_452951</setSpec></header><metadata><record xmlns="http://www.loc.gov/MARC21/slim" xmlns:dcterms="http://purl.org/dc/terms/" xmlns:xsi="http://www.w3.org/2001/XMLSchema-instance" xmlns:doc="http://www.lyncode.com/xoai" xsi:schemaLocation="http://www.loc.gov/MARC21/slim http://www.loc.gov/standards/marcxml/schema/MARC21slim.xsd">
   <leader>00925njm 22002777a 4500</leader>
   <datafield ind2=" " ind1=" " tag="042">
      <subfield code="a">dc</subfield>
   </datafield>
   <datafield ind2=" " ind1=" " tag="720">
      <subfield code="a">Postigo Llabrés, Pau</subfield>
      <subfield code="e">author</subfield>
   </datafield>
   <datafield ind2=" " ind1=" " tag="260">
      <subfield code="c">2024-07-16</subfield>
   </datafield>
   <datafield ind2=" " ind1=" " tag="520">
      <subfield code="a">Obrint portes al barri és un projecte dirigit a recuperar el sentiment de comunitat d’un&#xd;
municipi aprofitant un espai abandonat i conflictiu en un punt estratègic de la ciutat d’Inca.&#xd;
Mitjançant un programa per a totes les edats, es vol generar relacions amb tot tipus de&#xd;
usuari.&#xd;
El municipi d’Inca durant el segle XX va augmentar en un gran nombre la seva població&#xd;
degut a la indústria de la sabata i la pell, i això suposà un creixement urbanístic en l’edificació&#xd;
molt important. És per aquest motiu que fora del casc antic trobem una configuració d’illes&#xd;
en les que en els patis interiors s’hi situà part de l’activitat productiva i que actualment es&#xd;
troba en desús.&#xd;
La proposta inclou la creació d’un equipament públic i espais exteriors amb vegetació&#xd;
autòctona en un dels límits del nucli antic d’Inca que atragui i recuperi activitats en una zona&#xd;
d’ampli ús residencial. Aquesta intervenció podria ser la primera de moltes que treballin&#xd;
aquests interiors d’illa com a nous centres d’interès pels veïns.&#xd;
Per aconseguir-ho, es barreja una part de construcció nova i rehabilitació de edificis existents&#xd;
que creen un conjunt respectant i reflexant certa influència en l’arquitectura del patrimoni&#xd;
industrial de la zona.</subfield>
   </datafield>
   <datafield ind2=" " ind1=" " tag="520">
      <subfield code="a">Obrint portes al barri es un proyecto dirigido a recuperar el sentimiento de comunidad de &#xd;
un municipio aprovechando un espacio abandonado i conflictivo en un punto estratégico de la &#xd;
ciudad de Inca. Mediante un programa para todas las edades, se quiere generar relaciones con todo&#xd;
tipo de usuario.&#xd;
El municipio de Inca durante el siglo XX augmentó en gran número su población debido a la &#xd;
industria del zapato y pieles, suponiendo esto un crecimiento urbanístico en la construcción&#xd;
muy importante. Es por ese motivo que fuera del casco antiguo encontramos una configuración de &#xd;
manzanas en las que en los patios interiores se situó parte de la actividad productiva i que actualmente&#xd;
se encuentra en situación de abandono.&#xd;
La propuesta incluye la creación de un equipamiento público y espacios con vegetación autóctona en&#xd;
uno de los límites del nucleo antiguo de Inca que atraiga y recupere actividades en una zona de amplio&#xd;
uso residencial. Esta intervención podría ser la primera de muchas que trabajen estos interiores de&#xd;
manzana como nuevos centros de interés para los vecinos.&#xd;
Para conseguirlo, se mezcla una parte de obra nueva con rehabilitación de edificios existentes que &#xd;
crean un conjunto respetando y reflejando cierta influencia en la arquitectura del patrimonio&#xd;
industrial de la zona.</subfield>
   </datafield>
   <datafield ind2=" " ind1=" " tag="520">
      <subfield code="a">Obrint portes al barri is a project with the intention of restoring the sense of community in&#xd;
a town by using an abandoned and problematic space in a strategic point of the city of Inca.&#xd;
Through a program for all ages, the goal is to stablish relationships with all kind of users.&#xd;
During the 20th century, the city of Inca had an important population increase due to the&#xd;
shoe and leather industries, which led to substantial urban growth in construction. This is&#xd;
why, outside the old town, there is a configuration of blocks where part of the productive&#xd;
activity was located in the inner courtyards, which now have no use.&#xd;
The proposal includes the creation of a public equipment and outdoor spaces with local&#xd;
vegetation on one of the edges of Inca’s old town, which wants to attract and revive activities&#xd;
in a predominantly residential area. This intervention could be the first of many that work&#xd;
on these inner courtyards as new points of interest for the residents.&#xd;
To achieve this, a mix of new construction and rehabilitation of existing buildings is planned,&#xd;
creating a complex that respects and reflects the architectural influence of the area’s&#xd;
industrial heritage.</subfield>
   </datafield>
   <datafield tag="653" ind2=" " ind1=" ">
      <subfield code="a">Àrees temàtiques de la UPC::Arquitectura::Tipologies d'edificis</subfield>
   </datafield>
   <datafield tag="653" ind2=" " ind1=" ">
      <subfield code="a">Àrees temàtiques de la UPC::Urbanisme::Projecte urbà</subfield>
   </datafield>
   <datafield tag="653" ind2=" " ind1=" ">
      <subfield code="a">Adult day care centers -- Spain -- Inca</subfield>
   </datafield>
   <datafield tag="653" ind2=" " ind1=" ">
      <subfield code="a">Library buildings -- Spain -- Inca</subfield>
   </datafield>
   <datafield tag="653" ind2=" " ind1=" ">
      <subfield code="a">Public spaces -- Spain -- Inca</subfield>
   </datafield>
   <datafield tag="653" ind2=" " ind1=" ">
      <subfield code="a">Obrir portes</subfield>
   </datafield>
   <datafield tag="653" ind2=" " ind1=" ">
      <subfield code="a">Comunitat</subfield>
   </datafield>
   <datafield tag="653" ind2=" " ind1=" ">
      <subfield code="a">Interior d'illa</subfield>
   </datafield>
   <datafield tag="653" ind2=" " ind1=" ">
      <subfield code="a">Equipament públic</subfield>
   </datafield>
   <datafield tag="653" ind2=" " ind1=" ">
      <subfield code="a">Centres de dia per a persones grans -- Illes Balears -- Inca</subfield>
   </datafield>
   <datafield tag="653" ind2=" " ind1=" ">
      <subfield code="a">Biblioteques (Edificis) -- Illes Balears -- Inca</subfield>
   </datafield>
   <datafield tag="653" ind2=" " ind1=" ">
      <subfield code="a">Espais públics -- Illes Balears -- Inca</subfield>
   </datafield>
   <datafield ind2="0" ind1="0" tag="245">
      <subfield code="a">Obrint portes al barri: centre de dia i biblioteca a Inca</subfield>
   </datafield>
</record></metadata></record></GetRecord></OAI-PMH>